[Event "29th Czech Open-Rapid 2018"]
[Site "Pardubice"]
[Date "2018.07.19"]
[Round "6"]
[White "Mirzoeva, Elmira"]
[Black "Gutman, Gennadi"]
[Result "0-1"]
[WhiteElo "2181"]
[BlackElo "2402"]
[Annotator "NA"]
[PlyCount "94"]
[EventDate "2018.07.18"]
[EventType "swiss"]
[EventCountry "CZE"]
[SourceTitle "playchess.com"]
[Source "ChessBase"]
[SourceQuality "1"]
[TimeControl "900+10"]

1. d4 {[%emt 0:00:00]} Nf6 2. Bf4 c5 {[%emt 0:00:11]} 3. e3 {[%emt 0:00:00]} d5 {[%emt 0:00:42]} 4. c3 {[%emt 0:00:14]} Nc6 {[%emt 0:00:06]} 5. Nd2 {[%emt 0:00:05]} cxd4 {[%emt 0:01:59]} 6. exd4 {[%emt 0:00:09]} Bf5 {[%emt 0:00:04]} 7. Qb3 {[%emt 0:00:59]} Qc8 {[%emt 0:00:13]} 8. Ngf3 {[%emt 0:00:31]} e6 {[%emt 0:00:04]} 9. h3 {[%emt 0:00:39]} h6 {[%emt 0:01:04]} 10. Be2 {[%emt 0:00:22]} Be7 {[%emt 0:00:04]} 11. O-O {[%emt 0:00:11]} O-O {[%emt 0:00:03]} 12. Rfe1 {[%emt 0:00:50]} a6 {[%emt 0:00:15]} 13. a4 {[%emt 0:01:07]} Na5 {[%emt 0:00:51]} 14. Qa2 {[%emt 0:00:39]} Qd8 {[%emt 0:00:11]} 15. b4 {[%emt 0:00:19]} Nc6 {[%emt 0:00:02]} 16. a5 {[%emt 0:00:04]} Bd6 {[%emt 0:00:09]} 17. Bxd6 {[%emt 0:00:51]} Qxd6 {[%emt 0:00:03]} 18. Nb3 {[%emt 0:00:03]} Ne4 {[%emt 0:00:47]} 19. Qb2 {[%emt 0:00:22]} Rfe8 {[%emt 0:00:05]} 20. Rad1 {[%emt 0:04:24]} Qc7 {[%emt 0:00:04]} 21. Nfd2 {[%emt 0:00:28]} Nd6 {[%emt 0:00:07]} 22. Nc5 {[%emt 0:00:18]} Re7 {[%emt 0:00:37]} 23. Nf1 {[%emt 0:00:05]} Rae8 {[%emt 0:00:11]} 24. Ne3 {[%emt 0:00:03]} Bg6 {[%emt 0:00:04]} 25. Qb3 {[%emt 0:00:47]} Na7 {[%emt 0:00:27]} 26. c4 {[%emt 0:00:04]} dxc4 {[%emt 0:00:04]} 27. Nxc4 {[%emt 0:01:08]} Nc6 28. Nb6 {[%emt 0:00:47]} Nf5 {[%emt 0:01:14]} 29. Qc3 Qd6 {[%emt 0:03:06]} 30. d5 {[%emt 0:03:08]} exd5 {[%emt 0:00:12]} 31. Nxd5 {[%emt 0:00:06]} Rxe2 {[%emt 0:00:46]} 32. Rxe2 {[%emt 0:00:27]} Rxe2 {[%emt 0:00:10]} 33. Nxb7 {[%emt 0:00:14]} Qe5 {[%emt 0:01:39]} 34. Qxc6 {[%emt 0:00:10]} Nd4 {[%emt 0:01:25]} 35. Qc8+ {[%emt 0:00:33]} Kh7 {[%emt 0:00:02]} 36. Ne3 {[%emt 0:00:26]} Rxe3 {[%emt 0:01:00]} 37. fxe3 {[%emt 0:00:02]} Qxe3+ {[%emt 0:00:03]} 38. Kh1 {[%emt 0:00:09]} Be4 {[%emt 0:00:03]} 39. Qg4 {[%emt 0:00:26]} f5 {[%emt 0:00:27]} 40. Qh4 {[%emt 0:00:04]} Bxg2+ {[%emt 0:00:32]} 41. Kxg2 {[%emt 0:00:04]} Qf3+ {[%emt 0:00:14]} 42. Kh2 {[%emt 0:00:19]} Qe2+ {[%emt 0:00:02]} 43. Kg3 {[%emt 0:00:09]} Qxd1 {[%emt 0:00:01]} 44. Kg2 {[%emt 0:00:08]} Qf3+ {[%emt 0:00:12]} 45. Kh2 {[%emt 0:00:09]} Qe2+ {[%emt 0:00:01]} 46. Kh1 {[%emt 0:00:05]} Qf1+ {[%emt 0:00:21]} 47. Kh2 {[%emt 0:00:01]} Nf3+ {[%emt 0:00:01]} 0-1

[Event "29th Czech Open-Rapid 2018"]
[Site "Pardubice"]
[Date "2018.07.19"]
[Round "6"]
[White "Illetsko, Jaroslav"]
[Black "Natarov, Ilya"]
[Result "1-0"]
[WhiteElo "2177"]
[BlackElo "1808"]
[Annotator "NA"]
[PlyCount "39"]
[EventDate "2018.07.18"]
[EventType "swiss"]
[EventCountry "CZE"]
[SourceTitle "playchess.com"]
[Source "ChessBase"]
[SourceQuality "1"]
[TimeControl "900+10"]

1. e4 {[%emt 0:00:00]} c5 {[%emt 0:00:00]} 2. Nf3 Nc6 3. Bb5 {[%emt 0:00:16]} g6 {[%emt 0:00:17]} 4. O-O {[%emt 0:00:23]} Bg7 {[%emt 0:00:02]} 5. Re1 {[%emt 0:00:09]} a6 {[%emt 0:00:01]} 6. Bxc6 {[%emt 0:00:33]} bxc6 {[%emt 0:00:01]} 7. d3 {[%emt 0:00:53]} Rb8 {[%emt 0:00:01]} 8. c3 {[%emt 0:00:33]} Qa5 {[%emt 0:01:01]} 9. Qc2 {[%emt 0:00:38]} d6 {[%emt 0:00:03]} 10. Nbd2 {[%emt 0:01:28]} e6 {[%emt 0:00:30]} 11. Nc4 {[%emt 0:00:12]} Qc7 {[%emt 0:00:04]} 12. e5 {[%emt 0:00:18]} dxe5 {[%emt 0:00:12]} 13. Nfxe5 {[%emt 0:00:37]} f6 {[%emt 0:01:18]} 14. Nf3 {[%emt 0:00:17]} Ne7 {[%emt 0:00:04]} 15. Be3 {[%emt 0:00:13]} O-O {[%emt 0:00:45]} 16. Bxc5 {[%emt 0:00:14]} Rd8 {[%emt 0:00:02]} 17. Nd4 {[%emt 0:01:30]} Rd5 {[%emt 0:01:16]} 18. Bxe7 {[%emt 0:00:16]} Qxe7 {[%emt 0:00:03]} 19. Nxc6 {[%emt 0:00:04]} Qd6 {[%emt 0:00:15]} 20. Nxd6 {[%emt 0:00:03]} 1-0

[Event "29th Czech Open-Rapid 2018"]
[Site "Pardubice"]
[Date "2018.07.19"]
[Round "6"]
[White "Harsha, Bharathakoti"]
[Black "Gallego Alcaraz, Andres Felipe"]
[Result "1/2-1/2"]
[WhiteElo "2163"]
[BlackElo "2447"]
[Annotator "TA"]
[PlyCount "99"]
[EventDate "2018.07.18"]
[EventType "swiss"]
[EventCountry "CZE"]
[SourceTitle "playchess.com"]
[Source "ChessBase"]
[SourceQuality "1"]

{[%evp 20,99,29,26,30,30,17,14,34,0,7,11,18,0,19,27,38,0,0,-16,-21,-47,-21,-226,-8,-69,-72,-100,-93,-95,-107,-107,-107,-107,-107,-109,-107,-118,-64,-89,-10,-97,-60,-59,-32,-56,-14,-18,-22,-105,-105,-95,-97,-151,-139,-132,-21,-115,-23,-75,-8,-13,0,-10,0,-199,-10,-10,-12,-11348,-6621,-5046,-251,-228,0,0,0,0,0,0,0,0]} 1. e4 c5 2. Nf3 d6 3. Nc3 Nf6 4. e5 dxe5 5. Nxe5 e6 6. Bb5+ Nbd7 {B50: Sicilian: 2...d6, Miscellaneous} 7. d4 a6 8. Bxd7+ Nxd7 9. Qh5 Nxe5 10. dxe5 Bd7 11. Bg5 {LiveBook: 5 Games} Qc7 12. O-O-O Bc6 13. Rhe1 Be7 {[#]} 14. Re3 $146 h6 $132 {[%mdl 2048] Black has counterplay} 15. Bxe7 Qxe7 16. f4 g6 17. Qe2 O-O 18. g4 Rad8 19. Rf1 Rd4 20. Rh3 Kg7 21. Qe3 $2 (21. Qf2 $11) 21... Rfd8 $2 (21... Bg2 $19 22. Rhf3 Qd7) 22. Re1 ({White should try} 22. f5 $11 Qg5 23. Qxg5 hxg5 24. f6+ Kg8 25. Rd1) 22... b5 $15 23. Ne2 {f5 is the strong threat.} Re4 24. Qf2 b4 25. Re3 Rxe3 26. Qxe3 Qh4 {[%cal Rh4e1]} 27. Qg3 Qxg3 28. Nxg3 $17 {[%mdl 4096] Endgame [#] KRB-KRN} Bf3 (28... Rd4 $1 $17 {[%cal Rd4f4]} 29. Rf1 Bg2) 29. h3 Bg2 (29... Rd4 $17 30. f5 gxf5 31. gxf5 Rh4 32. fxe6 fxe6) 30. h4 (30. Rg1 $1 $11 {was the only way to keep the balance.} Bf3 31. Rf1) 30... Bf3 31. Ne4 Rd4 32. Nxc5 Rxf4 33. Rf1 Rc4 34. Nxe6+ (34. Rxf3 $11 Rxc5 35. Rf4) 34... fxe6 35. Rxf3 Rxg4 $11 {KR-KR} 36. Rf6 (36. Rh3 $142) 36... Rxh4 $17 37. Rxe6 Re4 (37... h5 $17 38. Kd2 (38. Rxa6 g5 $15) 38... g5) 38. Rxa6 (38. Kd2 $1 $11) 38... Rxe5 (38... h5 $17 39. a4 h4 40. Ra7+ Kh6) 39. a3 (39. Ra4 $1 $11 {keeps the balance.}) 39... bxa3 ({Better is} 39... b3 $17) 40. Rxa3 $11 h5 41. b4 $1 h4 42. c4 $2 {[#]} (42. Rb3 $1 $11 {and White has nothing to worry.}) 42... Re4 $2 (42... g5 $1 $19 {[%cal Rg5g4]} 43. Rh3 Re4) 43. Rc3 g5 {[%cal Bg6g5,Bg5g4][%mdl 32]} 44. b5 $2 {[%mdl 8192]} (44. c5 $11) 44... g4 $19 45. b6 h3 $2 (45... g3 {aiming for ...g2.} 46. Kb2 g2) 46. b7 Re8 $2 (46... h2 $19 47. b8=Q h1=Q+ 48. Kb2 Re2+ 49. Rc2 Re7) 47. Rg3 $1 $11 {The position is equal.} Rb8 48. Rxg4+ Kf6 49. Rh4 Rxb7 50. Rxh3 {Precision: White = 21%, Black = 33%.} 1/2-1/2

[Event "29th Czech Open-Rapid 2018"]
[Site "Pardubice"]
[Date "2018.07.19"]
[Round "6"]
[White "Claridge Hansen, William"]
[Black "Mozharov, Mikhail"]
[Result "1/2-1/2"]
[WhiteElo "2146"]
[BlackElo "2495"]
[Annotator "TA"]
[PlyCount "86"]
[EventDate "2018.07.18"]
[EventType "swiss"]
[EventCountry "CZE"]
[SourceTitle "playchess.com"]
[Source "ChessBase"]
[SourceQuality "1"]

{[%evp 14,86,34,13,40,12,32,33,43,36,31,37,33,33,54,63,54,56,56,59,57,62,83,56,60,53,72,24,24,20,20,16,27,19,19,0,26,20,39,26,41,3,33,0,0,0,0,0,0,0,0,0,0,0,0,0,0,0,0,0,0,0,0,0,0,0,0,0,0,0,0,0,0,0,2660]} 1. c4 e5 2. g3 Nf6 3. Bg2 Nc6 4. Nc3 Bc5 5. e3 a6 6. Nge2 {A25: English Opening vs King's Indian with ...Nc6 but without early d3} d6 (6... Ba7 7. b3 d6 8. Bb2 O-O 9. O-O Bf5 10. Nd5 Nxd5 11. cxd5 Nb4 12. d4 exd4 13. Bxd4 c5 {1-0 (32) Romanov,E (2617)-Ter Sahakyan,S (2563) chess.com INT 2018}) 7. O-O Ba7 8. d4 {LiveBook: 20 Games. White is slightly better.} Bd7 9. Nd5 $146 ({Predecessor:} 9. a3 Qc8 10. Re1 O-O 11. b4 Bh3 12. Bh1 {0-1 (50) Starcevic,A (1879)-Sulc,G (1848) Mali Losinj 2017}) 9... h6 10. b3 O-O 11. dxe5 Nxe5 12. Bb2 Nxd5 13. cxd5 Bg4 14. h3 Bf3 15. Bxf3 Nxf3+ 16. Kg2 Ne5 17. Rc1 Qd7 18. f4 {[%cal Bf2f4,Bf4f5][%mdl 32]} Ng6 $1 19. f5 Ne5 20. Bxe5 (20. Qd2 {is more complex.} Kh7 21. e4 Rae8 22. g4 Bc5 23. a4) 20... dxe5 21. e4 f6 22. Rf3 Rfd8 23. Rd3 Qd6 24. Qc2 Qb6 25. Nc3 Qb4 26. Kf3 Rd7 27. Na4 Rad8 28. Nc5 (28. Rdd1 {is interesting.} c6 29. Qc4 Qxc4 30. bxc4 Bd4 31. Nc3) 28... Bxc5 {The position is equal.} 29. Qxc5 Qxc5 30. Rxc5 $11 {[%mdl 4096] Endgame KRR-KRR} c6 31. Ke2 Kf8 32. b4 Ke7 33. a4 h5 34. Rd1 cxd5 35. exd5 Kd6 36. Kf3 Rc7 {Threatens to win with ...Rdc8.} 37. Rdc1 Rdc8 {[%cal Rc7c5]} 38. Rxc7 Rxc7 39. Rxc7 Kxc7 {KP-KP} 40. a5 $1 Kd6 41. Ke4 Ke7 42. Kd3 Kd7 43. Ke3 b6 $2 {[%mdl 40960] Precision: White = 72%, Black = 50%. . An unexpected result.} (43... Kd6 $11 44. Ke4 Kd7) 1/2-1/2

[Event "29th Czech Open-Rapid 2018"]
[Site "Pardubice"]
[Date "2018.07.19"]
[Round "6"]
[White "Nikologorsky, Matfei"]
[Black "Dolezal, Radoslav"]
[Result "1-0"]
[WhiteElo "2140"]
[BlackElo "2339"]
[Annotator "NA"]
[PlyCount "85"]
[EventDate "2018.07.18"]
[EventType "swiss"]
[EventCountry "CZE"]
[SourceTitle "playchess.com"]
[Source "ChessBase"]
[SourceQuality "1"]
[TimeControl "900+10"]

1. e4 {[%emt 0:00:00]} c6 {[%emt 0:00:00]} 2. d4 {[%emt 0:00:00]} d5 {[%emt 0:00:00]} 3. Nd2 {[%emt 0:00:00]} dxe4 {[%emt 0:00:00]} 4. Nxe4 {[%emt 0:00:00]} Nd7 {[%emt 0:00:00]} 5. Nf3 {[%emt 0:00:13]} Ngf6 {[%emt 0:00:00]} 6. Ng3 {[%emt 0:00:56]} g6 {[%emt 0:00:01]} 7. h4 {[%emt 0:00:21]} h6 {[%emt 0:00:13]} 8. Bd3 {[%emt 0:00:22]} Bg7 {[%emt 0:00:19]} 9. h5 {[%emt 0:00:02]} g5 {[%emt 0:00:01]} 10. Nf5 Bf8 11. Bd2 {[%emt 0:00:31]} Nb6 {[%emt 0:00:19]} 12. Qe2 {[%emt 0:00:27]} Bxf5 {[%emt 0:03:01]} 13. Bxf5 {[%emt 0:00:03]} Bg7 {[%emt 0:00:03]} 14. O-O-O {[%emt 0:00:14]} Qd5 {[%emt 0:00:13]} 15. Bb4 {[%emt 0:02:27]} O-O {[%emt 0:00:02]} 16. Bd3 {[%emt 0:00:07]} Qxa2 {[%emt 0:00:02]} 17. c3 {[%emt 0:00:05]} Nfd5 {[%emt 0:00:16]} 18. Bb1 {[%emt 0:00:52]} Qc4 {[%emt 0:00:54]} 19. Qc2 {[%emt 0:00:37]} f5 {[%emt 0:00:43]} 20. Ba3 {[%emt 0:00:15]} Qa4 {[%emt 0:02:52]} 21. Qe2 {[%emt 0:01:57]} Nf4 {[%emt 0:01:28]} 22. Qxe7 {[%emt 0:01:04]} Rf7 {[%emt 0:03:46]} 23. Ba2 {[%emt 0:00:55]} Nbd5 {[%emt 0:00:02]} 24. Qe1 {[%emt 0:01:01]} Bf8 {[%emt 0:02:26]} 25. Bxd5 {[%emt 0:00:30]} Nxd5 {[%emt 0:00:38]} 26. Bxf8 {[%emt 0:00:13]} Raxf8 {[%emt 0:00:43]} 27. Qe6 {[%emt 0:00:04]} Qa1+ {[%emt 0:01:05]} 28. Kc2 {[%emt 0:00:17]} Qa2 {[%emt 0:00:01]} 29. Qxh6 {[%emt 0:00:41]} Qc4 {[%emt 0:00:31]} 30. Kd2 {[%emt 0:01:15]} Qb3 {[%emt 0:00:04]} 31. Rb1 {[%emt 0:00:25]} g4 {[%emt 0:00:05]} 32. Ne5 {[%emt 0:00:25]} Nf6 {[%emt 0:00:19]} 33. Nxf7 {[%emt 0:00:58]} Ne4+ {[%emt 0:00:01]} 34. Ke3 {[%emt 0:00:01]} Rxf7 {[%emt 0:00:04]} 35. Qg6+ {[%emt 0:00:14]} Kf8 {[%emt 0:00:02]} 36. Kf4 {[%emt 0:01:18]} Qc2 {[%emt 0:00:07]} 37. Qh6+ {[%emt 0:00:07]} Ke7 {[%emt 0:00:09]} 38. Rbe1 {[%emt 0:00:39]} Qxf2+ {[%emt 0:00:39]} 39. Ke5 {[%emt 0:00:01]} Qxb2 {[%emt 0:00:05]} 40. Rb1 {[%emt 0:00:42]} Qe2 {[%emt 0:00:02]} 41. Rxb7+ {[%emt 0:00:02]} Ke8 {[%emt 0:00:10]} 42. Qe6+ {[%emt 0:00:07]} Kd8 {[%emt 0:00:06]} 43. Rb8+ {[%emt 0:00:08]} 1-0

[Event "29th Czech Open-Rapid 2018"]
[Site "Pardubice"]
[Date "2018.07.19"]
[Round "6"]
[White "Mojzis, Jaroslav"]
[Black "Hasangatin, Ramil"]
[Result "0-1"]
[WhiteElo "2135"]
[BlackElo "2470"]
[Annotator "TA"]
[PlyCount "81"]
[EventDate "2018.07.18"]
[EventType "swiss"]
[EventCountry "CZE"]
[SourceTitle "playchess.com"]
[Source "ChessBase"]
[SourceQuality "1"]

{[%evp 9,81,44,58,32,61,32,54,8,56,2,4,9,14,-13,-13,-25,-20,-19,-15,-37,-42,-36,-31,-31,-31,-29,-27,-39,-20,-34,-37,-39,-16,-30,-26,-22,-22,-26,-25,-34,-34,-40,-58,-174,-155,-135,-139,-130,-31,-32,-55,-43,-29,-108,-36,-183,-174,-275,-260,-261,-222,-222,-222,-1879,-1862,-1575,-1389,-6436,-5675,-5635,-5568,-5631,-5635,-29979]} 1. Nf3 d6 2. d4 Bg4 3. c4 Bxf3 4. exf3 c6 5. Qb3 (5. d5 g6 6. Nc3 Bg7 7. Be2 Nd7 8. O-O Ngf6 9. Be3 O-O 10. Re1 a6 11. Bf1 Re8 12. Rb1 Rc8 13. f4 cxd5 14. Nxd5 Nxd5 15. Qxd5 Qc7 16. b3 Nf6 17. Qd3 e6 {½-½ (31) Wojtaszek,R (2734)-Petrosian,T (2625) Berlin 2015}) 5... Qc7 6. Be2 $146 {A41: Moderne Verteidigung gegen 1.d4 (mit oder ohne späterem e2-e4 und Sf6)} ({Vorgänger:} 6. Nc3 Nf6 7. Be3 g6 8. Be2 Bg7 9. O-O O-O 10. Rac1 Nbd7 11. Rfd1 Rfc8 12. Qa3 a6 {½-½ (59) Airando,M (2162)-Flores,D (2580) Villa Martelli 2017}) 6... g6 7. O-O Bg7 8. Be3 {Weiß steht etwas besser.} Nh6 9. Nc3 (9. g4 $14) 9... Nf5 $11 10. Rad1 Nd7 11. Rfe1 O-O 12. Bf1 (12. g4 $5 {[%cal Rg4f5]} Nxe3 13. fxe3 $11) 12... Rfe8 13. Qc2 e6 14. Ne2 d5 15. Ng3 Nxg3 16. hxg3 dxc4 17. Bxc4 Nb6 18. Bb3 $1 Rad8 19. Bf4 Qe7 20. Be5 Bh6 21. Qc5 Qxc5 22. dxc5 Nd5 23. f4 Bf8 24. Bxd5 Rxd5 25. Rxd5 exd5 {[%mdl 4096] Endspiel KTL-KTL} 26. b4 (26. Rc1 $1 $15) 26... f6 $1 $19 {[%cal Rf6e5]} 27. Bc3 Rxe1+ 28. Bxe1 $17 {[#] KL-KL} b6 (28... d4 $1 $17 29. f3 Kf7) 29. cxb6 $15 axb6 {[%cal Ba7b6,Bb6a5][%mdl 32]} 30. a4 Kf7 31. Kf1 (31. g4 $1 $11) 31... Ke6 (31... Bd6 $17 32. Ke2 Ke6) 32. Ke2 {[#]} ({Günstiger ist} 32. a5 $15 bxa5 33. bxa5) 32... f5 $1 $19 33. Kd3 (33. f3 $142) 33... c5 34. a5 bxa5 35. bxc5 Bxc5 {...Lb4 ist eine echte Drohung.} 36. f3 $2 (36. Bxa5 Bxf2 37. Bd2) 36... Bb4 {Schwarz steht klar auf Gewinn.} 37. Bf2 h5 38. g4 hxg4 39. fxg4 fxg4 40. g3 a4 41. Kd4 {Precision: Weiß = 26%, Schwarz = 57%.} 0-1

[Event "29th Czech Open-Rapid 2018"]
[Site "Pardubice"]
[Date "2018.07.19"]
[Round "6"]
[White "Zlatin, Alexander"]
[Black "Burdalev, Kirill"]
[Result "1/2-1/2"]
[WhiteElo "2135"]
[BlackElo "2383"]
[Annotator "NA"]
[PlyCount "74"]
[EventDate "2018.07.18"]
[EventType "swiss"]
[EventCountry "CZE"]
[SourceTitle "playchess.com"]
[Source "ChessBase"]
[SourceQuality "1"]
[TimeControl "900+10"]

1. e4 {[%emt 0:00:00]} Nf6 {[%emt 0:00:00]} 2. e5 {[%emt 0:00:00]} Nd5 {[%emt 0:00:00]} 3. d4 {[%emt 0:00:00]} d6 {[%emt 0:00:00]} 4. c4 {[%emt 0:00:06]} Nb6 {[%emt 0:00:00]} 5. Nf3 {[%emt 0:00:25]} Bg4 {[%emt 0:00:25]} 6. h3 {[%emt 0:01:18]} Bxf3 {[%emt 0:00:15]} 7. Qxf3 {[%emt 0:00:08]} Nc6 {[%emt 0:00:01]} 8. e6 {[%emt 0:00:37]} fxe6 {[%emt 0:00:11]} 9. Be3 {[%emt 0:00:19]} e5 {[%emt 0:00:39]} 10. d5 {[%emt 0:00:20]} Nb4 {[%emt 0:00:38]} 11. Qe4 {[%emt 0:01:09]} c6 {[%emt 0:00:07]} 12. Nc3 {[%emt 0:00:15]} e6 {[%emt 0:00:23]} 13. dxe6 {[%emt 0:01:11]} Qf6 {[%emt 0:00:12]} 14. a3 {[%emt 0:00:36]} Na6 {[%emt 0:00:01]} 15. Be2 {[%emt 0:00:47]} Nc7 {[%emt 0:00:16]} 16. O-O {[%emt 0:00:54]} Nxe6 {[%emt 0:01:01]} 17. f4 {[%emt 0:00:41]} Be7 {[%emt 0:00:27]} 18. Bg4 {[%emt 0:01:31]} Nxf4 {[%emt 0:02:21]} 19. Bxf4 {[%emt 0:01:00]} exf4 {[%emt 0:00:09]} 20. Rae1 {[%emt 0:00:01]} g5 {[%emt 0:01:45]} 21. Qd3 {[%emt 0:00:02]} O-O {[%emt 0:00:42]} 22. Re6 {[%emt 0:00:02]} Qg7 {[%emt 0:00:15]} 23. Rfe1 {[%emt 0:00:05]} Bf6 {[%emt 0:00:38]} 24. Rxd6 {[%emt 0:00:35]} Rad8 {[%emt 0:00:23]} 25. Be6+ {[%emt 0:00:01]} Kh8 {[%emt 0:00:06]} 26. Rd1 {[%emt 0:00:06]} Rxd6 {[%emt 0:00:22]} 27. Qxd6 {[%emt 0:00:02]} Be7 {[%emt 0:01:15]} 28. Qd3 {[%emt 0:00:36]} Qe5 {[%emt 0:00:12]} 29. Qe4 {[%emt 0:00:43]} Qxe4 {[%emt 0:02:31]} 30. Nxe4 {[%emt 0:00:01]} c5 {[%emt 0:00:57]} 31. b4 {[%emt 0:00:59]} cxb4 {[%emt 0:01:37]} 32. c5 {[%emt 0:00:01]} Na4 {[%emt 0:00:50]} 33. axb4 {[%emt 0:00:02]} Rd8 {[%emt 0:00:55]} 34. Rxd8+ {[%emt 0:00:53]} Bxd8 {[%emt 0:00:01]} 35. Nd6 {[%emt 0:00:07]} Kg7 {[%emt 0:00:10]} 36. Nxb7 {[%emt 0:00:05]} Bc7 {[%emt 0:00:06]} 37. Bd7 Nb2 1/2-1/2

[Event "29th Czech Open-Rapid 2018"]
[Site "Pardubice"]
[Date "2018.07.19"]
[Round "6"]
[White "Kutynec, Vladimir"]
[Black "Zdrazil, Tomas"]
[Result "0-1"]
[WhiteElo "2134"]
[BlackElo "2017"]
[Annotator "NA"]
[PlyCount "140"]
[EventDate "2018.07.18"]
[EventType "swiss"]
[EventCountry "CZE"]
[SourceTitle "playchess.com"]
[Source "ChessBase"]
[SourceQuality "1"]
[TimeControl "900+10"]

1. Nf3 {[%emt 0:00:00]} Nf6 {[%emt 0:00:00]} 2. c4 {[%emt 0:00:00]} g6 {[%emt 0:00:00]} 3. Nc3 {[%emt 0:00:00]} Bg7 {[%emt 0:00:00]} 4. e4 {[%emt 0:00:00]} d6 {[%emt 0:00:00]} 5. d4 {[%emt 0:00:00]} O-O {[%emt 0:00:00]} 6. Be2 {[%emt 0:00:00]} e5 {[%emt 0:00:00]} 7. O-O {[%emt 0:00:13]} Nbd7 {[%emt 0:00:47]} 8. Re1 {[%emt 0:00:03]} c6 {[%emt 0:00:07]} 9. Bf1 {[%emt 0:00:03]} Re8 {[%emt 0:00:33]} 10. d5 {[%emt 0:00:02]} c5 {[%emt 0:00:07]} 11. Rb1 {[%emt 0:00:42]} Rf8 {[%emt 0:00:23]} 12. b4 {[%emt 0:00:18]} cxb4 {[%emt 0:02:29]} 13. Rxb4 {[%emt 0:00:04]} Qa5 {[%emt 0:00:04]} 14. Qa4 {[%emt 0:01:16]} Qxa4 {[%emt 0:00:42]} 15. Nxa4 {[%emt 0:00:04]} b6 {[%emt 0:00:05]} 16. Bd3 {[%emt 0:01:07]} Nh5 {[%emt 0:00:38]} 17. g3 {[%emt 0:00:04]} f5 {[%emt 0:00:50]} 18. Ng5 {[%emt 0:02:21]} Nc5 {[%emt 0:02:34]} 19. Nxc5 {[%emt 0:00:06]} bxc5 {[%emt 0:00:27]} 20. Rb3 {[%emt 0:00:19]} f4 {[%emt 0:01:47]} 21. Bf1 {[%emt 0:03:09]} Bh6 {[%emt 0:01:41]} 22. Ne6 {[%emt 0:06:05]} Bxe6 {[%emt 0:03:06]} 23. dxe6 {[%emt 0:00:01]} fxg3 {[%emt 0:00:06]} 24. hxg3 {[%emt 0:00:08]} Bxc1 {[%emt 0:00:01]} 25. Rxc1 {[%emt 0:00:01]} Ng7 {[%emt 0:00:11]} 26. Bh3 {[%emt 0:01:35]} Rfe8 {[%emt 0:00:17]} 27. Rd1 {[%emt 0:00:11]} Nxe6 {[%emt 0:00:10]} 28. Rxd6 {[%emt 0:00:06]} Nd4 {[%emt 0:01:23]} 29. Rb7 {[%emt 0:00:02]} Rad8 {[%emt 0:00:58]} 30. Bd7 {[%emt 0:00:58]} Rf8 {[%emt 0:00:09]} 31. Rxa7 {[%emt 0:00:37]} Kh8 {[%emt 0:00:01]} 32. Rc7 {[%emt 0:00:01]} Nf3+ {[%emt 0:00:09]} 33. Kg2 {[%emt 0:00:10]} Ng5 {[%emt 0:00:01]} 34. f3 {[%emt 0:00:28]} Nxf3 {[%emt 0:00:02]} 35. Re6 {[%emt 0:00:12]} Rf7 {[%emt 0:00:29]} 36. Rd6 {[%emt 0:00:19]} Ng5 {[%emt 0:00:07]} 37. Rc8 {[%emt 0:00:07]} Rxc8 {[%emt 0:00:04]} 38. Bxc8 {[%emt 0:00:01]} Nxe4 {[%emt 0:00:04]} 39. Re6 {[%emt 0:00:07]} Rf2+ {[%emt 0:00:32]} 40. Kg1 {[%emt 0:00:00]} Rxa2 {[%emt 0:00:01]} 41. Rxe5 {[%emt 0:00:01]} Nxg3 {[%emt 0:00:33]} 42. Rxc5 {[%emt 0:00:02]} Kg7 {[%emt 0:00:10]} 43. Re5 {[%emt 0:00:13]} Rc2 {[%emt 0:00:06]} 44. Be6 {[%emt 0:00:34]} Ne2+ {[%emt 0:00:06]} 45. Kf1 {[%emt 0:00:06]} Nd4 {[%emt 0:00:06]} 46. Bd5 {[%emt 0:00:03]} Kf6 {[%emt 0:00:05]} 47. Re4 {[%emt 0:00:02]} Nf5 {[%emt 0:00:07]} 48. Ke1 {[%emt 0:00:18]} h5 {[%emt 0:00:04]} 49. Kd1 {[%emt 0:00:01]} Ra2 {[%emt 0:00:32]} 50. Re6+ {[%emt 0:00:06]} Kg5 {[%emt 0:00:01]} 51. Kc1 {[%emt 0:00:07]} h4 {[%emt 0:00:09]} 52. Kb1 {[%emt 0:00:01]} Rd2 {[%emt 0:00:05]} 53. Kc1 {[%emt 0:00:02]} Rd4 {[%emt 0:00:13]} 54. Kc2 {[%emt 0:00:06]} h3 {[%emt 0:00:03]} 55. Re2 {[%emt 0:00:04]} Kg4 {[%emt 0:00:25]} 56. Kc3 {[%emt 0:00:05]} Rd1 {[%emt 0:00:14]} 57. c5 {[%emt 0:00:01]} Rc1+ {[%emt 0:00:09]} 58. Kb4 {[%emt 0:00:03]} Rb1+ {[%emt 0:00:14]} 59. Ka5 {[%emt 0:00:09]} Rd1 {[%emt 0:00:10]} 60. Bf7 {[%emt 0:00:11]} Kf3 {[%emt 0:00:03]} 61. Rc2 {[%emt 0:00:12]} g5 {[%emt 0:00:17]} 62. Be6 {[%emt 0:00:07]} Ne3 {[%emt 0:00:07]} 63. Rh2 {[%emt 0:00:09]} g4 {[%emt 0:00:09]} 64. c6 {[%emt 0:00:01]} Rc1 {[%emt 0:00:06]} 65. Kb6 {[%emt 0:00:02]} Kg3 {[%emt 0:00:06]} 66. Re2 {[%emt 0:00:02]} h2 {[%emt 0:00:11]} 67. Rxh2 {[%emt 0:00:23]} Kxh2 {[%emt 0:00:01]} 68. Bxg4 {[%emt 0:00:03]} Nxg4 {[%emt 0:00:29]} 69. c7 {[%emt 0:00:00]} Nf6 {[%emt 0:00:07]} 70. Kb7 {[%emt 0:00:02]} Ne8 {[%emt 0:00:04]} 0-1